Statistics for Daily Country Riddle #15

Click here to take the quiz!

General Stats

  • This quiz has been taken 342 times
  • The average score is 11 of 13

Answer Stats

TypeAnswer% Correct
Found LetterA
99%
Found LetterN
96%
Found LetterO
87%
Found LetterC
85%
Correctly Placed LetterO
84%
Correctly Placed LetterA
83%
Correctly Placed LetterC
80%
Correctly Placed LetterN
78%
Found LetterM
77%
Correctly Placed LetterO
74%
Correctly Placed LetterM
72%
Found LetterO
72%
AnswerMonaco
70%

Score Distribution

Percentile by Number Answered

Percent of People with Each Score

Your Score History

You have not taken this quiz